[Tóth, Ferenc: Correspondance diplomatique relative à la guerre d'indépendance du prince François II Rákóczi (1703-1711)]
| Titel: | [Tóth, Ferenc: Correspondance diplomatique relative à la guerre d'indépendance du prince François II Rákóczi (1703-1711)] / Claude Michaud |
|---|---|
| Verfasser: | |
| In: |
Revue historique, Heft 3 (671) (2014), Seite 712-713 alle Artikel anzeigen |
| Veröffentlicht: | 2014 |
| Format: | Aufsatz |
| Sprache: | Französisch |
X
alg: 41630718 001A $03025:07-09-17 001B $03025:14-08-24 $t12:08:08.000 001C $03025:07-09-17 $t13:52:17.000 001D $03025:07-09-17 001U $0utf8 001X $00 002@ $0Aou 002C $aText $btxt $2rdacontent 002D $aohne Hilfsmittel zu benutzen $bn $2rdamedia 002E $aBand $bnc $2rdacarrier 003@ $0416307183 007A $0416307183 $aHEB 010@ $afre 010E $erda 011@ $a2014 013D $#Newspapers Sections, columns, etc. Reviews $#Book reviewing $#Journaux Cahiers, chroniques, etc. Comptes rendus $#Livres Recension $#Rezension $#Buchbesprechung $#Buchrezension $#Buchkritik $74049712-4 $8Rezension [Ts1] $9085138568 021A $a[Tóth, Ferenc: Correspondance diplomatique relative à la guerre d'indépendance du prince François II Rákóczi (1703-1711)] $hClaude Michaud 028A $BVerfasser $4aut $71043126066 $8Michaud, Claude$Z1938- [Tp3] $9332741141 031A $e3 (671) $h712-713 $j2014 039B $aEnthalten in $8--Abvc--. Revue historique. - Paris : Presses Univ. de France, 1876-. - ISSN 0035-3264 $x201400000000003288 $9047310693 039T $8--Aau--. Correspondance diplomatique relative à la guerre d'indépendance du prince François II Rákóczi. - Paris : Champion, 2012. - 609 S.. - ISBN 2-7453-2329-6 $9356036510 045F $a900.9439 $eDDC23BSB 045F/01 $a900 045F/03 $g439 045T $a8 lok: 41630718 78 exp: 41630718 78 1 #EPN 201B/01 $007-09-17 $t13:52:17.000 201C/01 $007-09-17 201U/01 $0utf8 203@/01 $01006758135 208@/01 $a07-09-17 $be 209A/01 $a/ $f000 $x00 209A/01 $ab*p $x01 220C/01 $apgar 244Z/01 $#Ungarn $#Ungarn $#Ungarische Räterepublik $#Königreich Ungarn $#Die @Länder der ungarischen Krone $#Transleithanien $#Magyarország $#Magyar Köztársaság $#Magyar Tanácsköztársaság $#Government of the Hungarian Republic $#Zemalja Ugarske Krune $#VNR $#Ungern $#Ungarische Republik $#Republik Ungarn $#Ungarische Volksrepublik $#Volksrepublik Ungarn $#Magyar Népköztársaság $#Hungary $#Hungarian Republic $#Hongrie $#Vengerskaja Narodnaja Respublika $#Hungarian People's Republic $#HPR Hungarian People's Republic $#République Populaire Hongroise $#Ungarische VR $#Republic of Hungary $#Vengrija $74078541-5 $8--Tgz--Ungarn $x01 $9085222712 247C/01 $82080>Marburg/Lahn, Herder-Institut, Forschungsbibliothek, Bibliographieportal $9336309341
| LEADER | 00000caa a2200000 c 4500 | ||
|---|---|---|---|
| 001 | 416307183 | ||
| 003 | DE-603 | ||
| 005 | 20240814120808.0 | ||
| 007 | tu | ||
| 008 | 170907s2014 xx |||| | u00||u|fre c | ||
| 035 | |a (DE-599)HEB416307183 | ||
| 040 | |a DE-603 |b ger |c DE-603 |d DE-603 |e rda | ||
| 041 | |a fre | ||
| 082 | 0 | 4 | |8 1\u |a 900.9439 |q DE-101 |2 23/BSB |
| 084 | |a 8 |2 ssgn | ||
| 085 | |8 1\u |b 900 | ||
| 085 | |8 1\u |z 2 |s 439 | ||
| 100 | 1 | |a Michaud, Claude |d 1938- |e Verfasser |4 aut |0 (DE-603)332741141 |0 (DE-588)1043126066 |2 gnd | |
| 245 | 0 | 0 | |a [Tóth, Ferenc: Correspondance diplomatique relative à la guerre d'indépendance du prince François II Rákóczi (1703-1711)] |c Claude Michaud |
| 264 | 0 | |c 2014 | |
| 336 | |a Text |b txt |2 rdacontent | ||
| 337 | |a ohne Hilfsmittel zu benutzen |b n |2 rdamedia | ||
| 338 | |a Band |b nc |2 rdacarrier | ||
| 655 | 7 | |a Rezension |2 gnd-content |0 (DE-588)4049712-4 |0 (DE-603)085138568 | |
| 773 | 0 | 8 | |i Enthalten in |t Revue historique |d Paris : Presses Univ. de France, 1876- |x 0035-3264 |g Heft 3 (671) (2014), Seite 712-713 |w (DE-603)047310693 |w (DE-600)209825-8 |
| 787 | 0 | 8 | |i Rezension von |t Correspondance diplomatique relative à la guerre d'indépendance du prince François II Rákóczi |d Paris : Champion, 2012 |h 609 S. |z 2745323296 |z 9782745323293 |w (DE-603)356036510 |
| 924 | 0 | |9 2080 |a (DE-603)1006758135 |b DE-2080 |c HES |d d |g / | |


